00449 2200169 4500001002100000008004100021035002000062245005100082110002300133250001100156260003300167020001800200084001600218082001000234650002200244990001300266INLIS000000000000778 ind  a0010-0120000778 aIlmuwan MuslimbAl-KhazinicTim Pustaka Fathin aTim Pustaka Fathin aCet. 1 aSolo:bTiga Serangkai,c2005 a979-668-351-2 a2X9.7 ILM i a2X9.7 aTokoh Agama Islam a11900290